Desde el ojo de la tormenta (Registro nro. 18058)
[ vista simple ]
| 000 -LEADER | |
|---|---|
| fixed length control field | 00379 a2200133 4500 |
| 001 - CONTROL NUMBER | |
| control field | ART_12824 |
| 005 - DATE AND TIME OF LATEST TRANSACTION | |
| control field | 20260410161733.0 |
| 008 - FIXED-LENGTH DATA ELEMENTS--GENERAL INFORMATION | |
| fixed length control field | 260409a |
| 100 1# - MAIN ENTRY--PERSONAL NAME | |
| Personal name | Expósito, David |
| 245 10 - TITLE STATEMENT | |
| Title | Desde el ojo de la tormenta |
| 700 1# - ADDED ENTRY--PERSONAL NAME | |
| Personal name | Szewach, Enrique |
| 700 1# - ADDED ENTRY--PERSONAL NAME | |
| Personal name | Blasco, Eduardo |
| 773 0# - HOST ITEM ENTRY | |
| Title | Ejecutivos de finanzas |
| Related parts | - Año 6, Nº 49 (sep. 1988) |
| Record control number | REV2863 |
No hay ítems disponibles.